00675nam a2200205 a 4500001000400000003001000004005001700014008004100031020001800072040002500090080002000115100002100135245013100156250001200287260004900299300002100348504003600369650004100405650002300446660BR-CuiBMT20231113023124.0230823s2013 rsb 001 0 por d a9788573488401 aBR-CuiBMTcBR-CuiBMT a34:336.22220071 aPaulsen, Leandro10aDireito tributário :bconstituição e código tributário à luz da doutrina e da jurisprudência /cLeandro Paulsen. a15. ed. aPorto Alegre :bLivraria do Advogado,c2013. a1376 p. :c24 cm aInclui bibliografia e índice. aDireito tributárioxLegislação aDireito financeiro